000 00990nas a2200313 4500
001 BR0200830
003 BR-BrBNA
005 20231205102739.0
007 ta
008 230509b bl.|||p| |||| 00| 00por d
040 _aBR-BrBNA
_bpor
_cBiblioteca Nacional de Agricultura
041 _a(Pt)
072 _aQ04
100 1 _aTrindade Neto, M.A. da
100 1 _aBarbosa, H.P.
100 1 _aKronka, R.N.
100 1 _aSordi, I.M.P. de
100 1 _aSchammass, E.A.
245 1 _aDeterminação do nível de lisina na fase inicial; 2: do crescimento de suínos, através da composição química e deposição de tecidos e efeitos na terminação
650 _aSUÍNO
650 _aCarne
650 _aCarcaça
650 _aComposição Química
650 _aCrescimento
650 _aLisina
773 0 _tBoletim de Indústria Animal (Brazil)
_xISSN 0067-9615
_g(2001), v. 58(1) p. 59-72
_wBR0200830
909 _a202311
_bLúcia
_c55
_dLúcia Elande
942 _2AGRIS
_n0
_cANA
999 _c169122
_d169122